Caterpillar summer

Bibliographic Details
Main Author: McDunn, Gillian
Format: Book
Published: London : Bloomsbury Children's Books , 2019
Subjects:

MARC

LEADER 00000cam a2200000 7i4500
001 0000278478
005 20210121093453.0
020 |a 9781526606266 
090 0 |a JF   |b MCD 
100 1 |a McDunn, Gillian 
245 1 0 |a Caterpillar summer   |c Gillian McDunn 
260 |a London :   |b Bloomsbury Children's Books ,   |c 2019 
300 |a 295p. ;   |c 20cm. 
650 0 |a Children's stories 
999 |a 00385759   |b BUKU   |c PINJAMAN   |e PERPUSTAKAAN KOMUNITI PETALING JAYA